IPTV and internet video

Bibliographic Details
Main Author: Simpson, Wes
Other Authors: Greenfield, Howard
Format: Book
Published: Amsterdam : Elsevier Inc. , 2009
Edition:2nd ed
Subjects:

MARC

LEADER 00000cam a2200000 7i4500
001 0000150387
005 20110407.0
020 |a 9780240812458 
090 0 0 |a 384.5502854678   |b SIM 
100 1 |a Simpson, Wes 
245 1 0 |a IPTV and internet video   |c Wes Simpson ; Howard Greenfield 
250 |a 2nd ed 
260 |a Amsterdam :   |b Elsevier Inc. ,   |c 2009 
300 |a 217p. ;   |c 23cm. 
650 0 0 |a Digital video 
650 0 0 |a Internet television 
650 0 0 |a Television broadcasting 
700 1 |a Greenfield, Howard 
999 |a 00247060   |b BUKU   |c RUJUKAN   |e PERPUSTAKAAN KOMUNITI PETALING JAYA